000 00657cam a2200229 4500
001 2200203
005 20171227042355.0
008 720412r1972 nyua e 000 0 eng
010 _a 73165481
020 _a0812814302
040 _aDLC
_cDLC
_dDLC
041 _aeng
080 _a616.003 BRO
082 0 0 _a616.003 BRO
100 _a3
101 _aSHM
240 0 0 _aPears medical encyclopedia
245 0 4 _aThe Stein and Day international medical encyclopedia
_c[by] J. A. C. Brown. Rev. by A. M. Hastin Bennett. With drawings by Margot Cooper.
350 _a$17.50
906 _a7
_bcbc
_corignew
_d2
_encip
_f19
_gy-gencatlg
942 _2ddc
_cBK
999 _c39458
_d39458